000 00658nam a2200265Ia 4500
003 OSt
005 20221007073559.0
006 a|||||r|||| 00| 0
007 ta
008 221006b |||||||| |||| 00| 0 eng d
020 _a8170126657
_cRs. 990/-
024 _a8,952
037 _cTextual
040 _aFLL
_cFLL
_beng
041 _2eng
_aeng
082 _aX:9:Z2, N9.2
100 _aMalik P.L.
245 0 _aIndustrial law
250 _a18th
260 _aLucknow
_bEastern Book Company India
_c1999
300 _axii,2535p
_ccm.
490 _v2
942 _hX:9:Z2, N9.2
_cTEXL
_2CC
999 _c1149203
_d1149203